[Event "Euro Online U2300 Day 1"]
[Site "chess.com INT"]
[Date "2020.05.25"]
[Round "1"]
[White "Fernandez Madrid, Carlos"]
[Black "Brondt, Nicolai Kvist"]
[Result "0-1"]
[WhiteTitle "CM"]
[BlackTitle "FM"]
[WhiteElo "2118"]
[BlackElo "2223"]
[WhiteFideId "2206030"]
[BlackFideId "1413848"]
[EventDate "2020.05.25"]

1. d4 d5 2. Nf3 Nf6 3. g3 Bf5 4. Nbd2 e6 5. Nh4 Be4 6. Nxe4 dxe4 7. e3 c5 8.
Bb5+ Nc6 9. Bxc6+ bxc6 10. O-O Qb6 11. dxc5 Bxc5 12. c3 O-O 13. Qb3 Rfd8 14.
Qxb6 axb6 15. Ng2 Ng4 16. Nf4 Ne5 17. Kg2 Nd3 18. Nxd3 Rxd3 19. a4 f5 20. b4 Be7
21. Bb2 Bf6 22. Rfc1 Rd2 23. Rcb1 Rxb2 24. Rxb2 Bxc3 25. Rba2 Bxa1 26. Rxa1 Kf7
27. a5 bxa5 28. Rxa5 Rb8 29. Ra6 Rc8 30. Ra7+ Kf6 31. Rb7 g5 32. Rxh7 Rb8 33.
Rc7 Rb6 34. h4 g4 35. Kf1 Ke5 36. h5 Kd6 37. Rg7 Rxb4 38. h6 Rb8 39. h7 Rh8 40.
Ke2 Ke5 41. Rc7 c5 42. Kd2 Kf6 43. Kc3 Kg6 44. Re7 Rxh7 45. Rxe6+ Kf7 46. Rd6
Rh2 47. Rd2 Rh8 48. Rd5 Ke6 49. Rd2 Rc8 50. Kc4 Rc6 51. Kb5 Rc8 52. Kc4 Rc6 53.
Rd5 Rd6 54. Rxc5 Rd2 55. Rc6+ Ke5 56. Rc5+ Kf6 57. Rd5 Rxf2 58. Rd6+ Kg5 59. Kd5
Rd2+ 60. Ke5 Rxd6 61. Kxd6 f4 62. exf4+ Kf5 63. Kd5 e3 0-1

[Event "Euro Online U2300 Day 1"]
[Site "chess.com INT"]
[Date "2020.05.25"]
[Round "1"]
[White "Gallasch, Jonas"]
[Black "Kopylov, Artem"]
[Result "1-0"]
[WhiteElo "2090"]
[BlackElo "2107"]
[WhiteFideId "16222474"]
[BlackFideId "44139365"]
[EventDate "2020.05.25"]

1. d4 d5 2. c4 c6 3. cxd5 cxd5 4. Nc3 Nc6 5. Bf4 Nf6 6. Nf3 a6 7. Rc1 Bf5 8. e3
Rc8 9. Be2 e6 10. Qb3 Na5 11. Qd1 Nc6 12. O-O Bd6 13. Ne5 O-O 14. Na4 Bxe5 15.
Bxe5 Nxe5 16. dxe5 Nd7 17. Qd4 Qa5 18. b3 b5 19. Nc3 Nb8 20. f4 Nc6 21. Qd2 Qb6
22. g4 Bg6 23. f5 exf5 24. gxf5 d4 25. Nd5 Qd8 26. e4 Nxe5 27. Rxc8 Qxc8 28.
Ne7+ 1-0

[Event "Euro Online U2300 Day 1"]
[Site "chess.com INT"]
[Date "2020.05.25"]
[Round "1"]
[White "Sjoberg, Isak"]
[Black "Zasukhin, Vadim"]
[Result "1-0"]
[WhiteElo "2189"]
[BlackElo "2274"]
[WhiteFideId "1521640"]
[BlackFideId "4123450"]
[EventDate "2020.05.25"]

1. e4 c5 2. Nf3 d6 3. d4 cxd4 4. Qxd4 Nf6 5. Nc3 a6 6. e5 Nc6 7. Qa4 dxe5 8.
Nxe5 Bd7 9. Nxd7 Qxd7 10. Bf4 e5 11. Rd1 Qf5 12. Be3 Bb4 13. Bb5 Bxc3+ 14. bxc3
O-O 15. Bxc6 bxc6 16. O-O Rfc8 17. Rd6 Qe4 18. c4 Nd5 19. Bc5 Nf4 20. f3 Qe2 21.
Bf2 a5 22. Re1 Nh3+ 23. gxh3 Qxf3 24. Qb3 Qf5 25. Qd3 Qh5 26. Qg3 f6 27. Rxf6
Rf8 28. Qxe5 Qxe5 29. Rxf8+ Kxf8 30. Rxe5 a4 31. Re6 Rc8 32. a3 Kf7 33. Rd6 1-0

[Event "Euro Online U2300 Day 1"]
[Site "chess.com INT"]
[Date "2020.05.25"]
[Round "1"]
[White "Skliarov, Viktor"]
[Black "Kanyamarala, Tarun"]
[Result "0-1"]
[WhiteTitle "IM"]
[BlackTitle "FM"]
[WhiteElo "2376"]
[BlackElo "2381"]
[WhiteFideId "14106736"]
[BlackFideId "45004714"]
[EventDate "2020.05.25"]

1. e4 c5 2. Nf3 Nc6 3. Bb5 g6 4. O-O Bg7 5. Re1 e5 6. Bxc6 dxc6 7. d3 Qc7 8. Be3
b6 9. Nbd2 Nf6 10. a3 Ng4 11. b4 Nxe3 12. fxe3 cxb4 13. axb4 O-O 14. Qb1 Rd8 15.
Nc4 Be6 16. Nfd2 f5 17. exf5 gxf5 18. e4 f4 19. b5 Bf8 20. Kh1 Bc5 21. Rf1 Bd4
22. Ra3 Kh8 23. bxc6 Rg8 24. Nf3 Qg7 25. Rg1 Bxg1 26. Qxg1 Bxc4 27. dxc4 Rgc8
28. c5 b5 29. Ra6 Rc7 30. Qa1 Re8 31. Kg1 Qf8 32. Qc3 Qf6 33. Kf1 Ree7 34. Qd3
Rg7 35. Qxb5 Qg6 36. Nh4 Qg4 37. Qb8+ Rc8 38. Qxe5 Qd1+ 39. Kf2 Qxc2+ 40. Kf3
Qd3+ 41. Kxf4 Qf1+ 42. Nf3 Qxa6 0-1

[Event "Euro Online U2300 Day 1"]
[Site "chess.com INT"]
[Date "2020.05.25"]
[Round "1"]
[White "Hryzlova, Sofiia"]
[Black "Nalbant, Tuna Onat"]
[Result "1/2-1/2"]
[BlackTitle "IM"]
[WhiteElo "1940"]
[BlackElo "2372"]
[WhiteFideId "14174669"]
[BlackFideId "6372821"]
[EventDate "2020.05.25"]

1. c4 Nf6 2. Nc3 g6 3. e4 d6 4. d4 Bg7 5. h3 O-O 6. Be3 e5 7. d5 a5 8. g4 Na6 9.
Nge2 Nb4 10. Qd2 Nd7 11. Ng3 Nc5 12. Be2 c6 13. h4 cxd5 14. cxd5 b6 15. h5 Ba6
16. Kf1 Bxe2+ 17. Ncxe2 Nbd3 18. Kg2 a4 19. Rh2 b5 20. Bh6 Qa5 21. Qe3 Nf4+ 22.
Bxf4 exf4 23. Nxf4 Rfe8 24. hxg6 hxg6 25. Rah1 Qb4 26. Nxg6 fxg6 27. Rh8+ Bxh8
28. Rxh8+ Kxh8 29. Qh6+ Kg8 30. Qxg6+ Kf8 31. Qf6+ Kg8 32. Qg6+ Kh8 33. Qh6+ Kg8
34. Qg6+ 1/2-1/2

[Event "Euro Online U2300 Day 1"]
[Site "chess.com INT"]
[Date "2020.05.25"]
[Round "1"]
[White "Khodko, Yurii N."]
[Black "Asgeirsson, Heimir"]
[Result "0-1"]
[WhiteElo "2048"]
[BlackElo "2204"]
[WhiteFideId "24264717"]
[BlackFideId "2301083"]
[EventDate "2020.05.25"]

1. e4 c5 2. Nf3 Nc6 3. d4 cxd4 4. Nxd4 Nf6 5. Nc3 e5 6. Ndb5 d6 7. Bg5 a6 8. Na3
b5 9. Nd5 Be7 10. Bxf6 Bxf6 11. c4 b4 12. Nc2 a5 13. b3 Bg5 14. Bd3 O-O 15. h4
Bh6 16. g4 g6 17. h5 Bg5 18. Qf3 Be6 19. Qh3 h6 20. f3 Kg7 21. Kf2 Rb8 22. Qg3
Ne7 23. Nce3 Nc6 24. Nc2 Qd7 25. Rad1 a4 26. Be2 axb3 27. axb3 Ra8 28. Ra1 Qb7
29. Kg2 Rxa1 30. Rxa1 Ra8 31. Qe1 gxh5 32. gxh5 Rxa1 33. Qxa1 Bd2 34. Qd1 Bg5
35. Qa1 Kh7 36. Qa4 Bd2 37. Qb5 Qc8 38. Ndxb4 Nxb4 39. Nxb4 Qg8+ 40. Kf2 Qg5 41.
Bf1 Qh4+ 42. Ke2 Qe1+ 43. Kd3 Bxb4 0-1

[Event "Euro Online U2300 Day 1"]
[Site "chess.com INT"]
[Date "2020.05.25"]
[Round "1"]
[White "Randazzo, Adrian"]
[Black "Bounlom, Jannik"]
[Result "1-0"]
[WhiteTitle "FM"]
[WhiteElo "2293"]
[BlackElo "2102"]
[WhiteFideId "114251"]
[BlackFideId "1334930"]
[EventDate "2020.05.25"]

1. e4 c5 2. Nf3 d6 3. Bb5+ Nd7 4. O-O a6 5. Bxd7+ Bxd7 6. c3 Nf6 7. Re1 g6 8. d4
cxd4 9. cxd4 Bg7 10. e5 dxe5 11. dxe5 Ng4 12. h3 Nh6 13. Nc3 O-O 14. Bf4 Bc6 15.
Qe2 e6 16. Rad1 Qc7 17. Nd4 Rfd8 18. Nxc6 Qxc6 19. g4 Kh8 20. Ne4 Qa4 21. b3 Qb4
22. Qe3 Ng8 23. Nd6 Rd7 24. a3 Qa5 25. Nc4 Qc7 26. Rxd7 Qxd7 27. Nb6 Qc8 28.
Nxc8 Rxc8 29. Rd1 Ne7 30. Rd7 Nd5 31. Qa7 Nxf4 32. Qxb7 Rc1+ 33. Kh2 Bxe5 34.
Rxf7 Nd3+ 35. Kg2 Ne1+ 36. Kf1 Nc2+ 37. Ke2 Nd4+ 38. Kd2 Rc2+ 39. Ke3 Re2+ 40.
Kd3 1-0

[Event "Euro Online U2300 Day 1"]
[Site "chess.com INT"]
[Date "2020.05.25"]
[Round "1"]
[White "Flajsman, Pavel"]
[Black "Peycheva, Gergana"]
[Result "0-1"]
[BlackTitle "FM"]
[WhiteElo "2162"]
[BlackElo "2255"]
[WhiteFideId "391476"]
[BlackFideId "2916711"]
[EventDate "2020.05.25"]

1. d4 Nf6 2. c4 e6 3. g4 d5 4. h3 dxc4 5. Bg2 c5 6. Qa4+ Nc6 7. dxc5 Bd7 8. Qxc4
Rc8 9. Be3 Qa5+ 10. Nd2 b6 11. Nf3 Nd5 12. O-O Nxe3 13. fxe3 Bxc5 14. Ne4 Bxe3+
15. Kh1 O-O 16. Nd6 Rc7 17. Nb5 Rcc8 18. Nd6 Rb8 19. Qd3 Bf4 20. Nc4 Qc5 21. e3
Bg3 22. Rac1 Rfd8 23. Nce5 Nxe5 24. Nxe5 Qxe5 25. Rc4 Bb5 26. Rd4 Bxd3 27. Rxd8+
Rxd8 0-1

[Event "Euro Online U2300 Day 1"]
[Site "chess.com INT"]
[Date "2020.05.25"]
[Round "1"]
[White "Golovanj, Yaroslav"]
[Black "Terbe, Julianna"]
[Result "0-1"]
[BlackTitle "WIM"]
[WhiteElo "2013"]
[BlackElo "2273"]
[WhiteFideId "14113791"]
[BlackFideId "708780"]
[EventDate "2020.05.25"]

1. e4 c5 2. Nf3 Nc6 3. a3 Nf6 4. Nc3 d5 5. exd5 Nxd5 6. Bc4 Nxc3 7. bxc3 Bf5 8.
d4 e6 9. O-O Be7 10. Rb1 O-O 11. Re1 Bf6 12. Bd3 Bxd3 13. Qxd3 b6 14. Bf4 cxd4
15. cxd4 Nxd4 16. Ne5 Nf5 17. Qe2 Qd4 18. Rb4 Qc3 19. Nd7 Rfd8 20. Rc4 Qxa3 21.
Nxf6+ gxf6 22. Rc7 Qf8 23. Qh5 Rac8 24. Rxa7 Rxc2 25. g4 Ng7 26. Qh4 Qb4 27. Re3
Qxf4 28. Rh3 Rc1+ 29. Kg2 Qe4+ 30. Rf3 Rg1+ 31. Kxg1 Qxf3 0-1

[Event "Euro Online U2300 Day 1"]
[Site "chess.com INT"]
[Date "2020.05.25"]
[Round "1"]
[White "Sorin, Michael"]
[Black "Osmanodja, Filiz"]
[Result "1-0"]
[BlackTitle "WGM"]
[WhiteElo "2219"]
[BlackElo "2293"]
[WhiteFideId "2805030"]
[BlackFideId "24633569"]
[EventDate "2020.05.25"]

1. Nf3 c5 2. c4 Nc6 3. d4 cxd4 4. Nxd4 g6 5. e4 Bg7 6. Be3 Nf6 7. Nc3 O-O 8. Be2
e6 9. O-O d5 10. cxd5 exd5 11. exd5 Nxd5 12. Nxd5 Qxd5 13. Bf3 Qa5 14. Nxc6 bxc6
15. Qd2 Qxd2 16. Bxd2 Rb8 17. Bc3 Bxc3 18. bxc3 c5 19. Bd5 Rd8 20. c4 Bf5 21.
Rfe1 Kf8 22. h3 Rb2 23. g4 Bd3 24. Re3 Bb1 25. Rb3 Rb8 26. Ra3 Re8 27. Rxa7 Re1+
28. Kh2 Rxf2+ 29. Kg3 Rff1 30. a4 h5 31. Rb7 g5 32. gxh5 f5 33. Rb2 1-0

[Event "Euro Online U2300 Day 1"]
[Site "chess.com INT"]
[Date "2020.05.25"]
[Round "1"]
[White "Spyropoulos, Nikolaos"]
[Black "Halmeenmaki, Tuomo"]
[Result "1-0"]
[WhiteTitle "FM"]
[WhiteElo "2403"]
[BlackElo "2132"]
[WhiteFideId "4298977"]
[BlackFideId "502774"]
[EventDate "2020.05.25"]

1. e4 e6 2. d4 d5 3. Nc3 Bb4 4. Ne2 c5 5. a3 Ba5 6. dxc5 d4 7. Qxd4 Qxd4 8. Nxd4
Bxc3+ 9. bxc3 a6 10. Bf4 Ne7 11. Rb1 Nbc6 12. Bd6 e5 13. Nxc6 Nxc6 14. Bc4 f6
15. Ke2 Ra7 16. Rb6 Nd8 17. Rhb1 Bd7 18. Bd5 Bb5+ 19. c4 Bc6 20. Bb8 Ra8 21. Bc7
Kd7 22. Bxd8 Rhxd8 23. Bxc6+ bxc6 24. Rb7+ Ke6 25. c3 Rd7 26. Rxd7 Kxd7 27. Rb7+
Ke6 28. Rxg7 Rb8 29. Rxh7 Rb3 30. Rc7 Rxa3 31. Rxc6+ Ke7 32. Rc7+ Ke6 33. Ra7 a5
34. h4 a4 35. h5 Ra1 36. h6 a3 37. h7 Rh1 38. Rxa3 Rxh7 39. Ra6+ 1-0

[Event "Euro Online U2300 Day 1"]
[Site "chess.com INT"]
[Date "2020.05.25"]
[Round "1"]
[White "Ruperez Benito, Antonio"]
[Black "Shtyka, Sergey"]
[Result "1/2-1/2"]
[WhiteTitle "FM"]
[BlackTitle "FM"]
[WhiteElo "2356"]
[BlackElo "2175"]
[WhiteFideId "22245049"]
[BlackFideId "4138465"]
[EventDate "2020.05.25"]

1. e4 c5 2. Nf3 Nc6 3. Bb5 Qb6 4. Nc3 e6 5. O-O Nge7 6. Re1 a6 7. Bxc6 Nxc6 8.
b3 Be7 9. Bb2 O-O 10. Nd5 exd5 11. exd5 Qd8 12. dxc6 dxc6 13. Qe2 Bf6 14. Bxf6
Qxf6 15. Qe5 Qxe5 16. Nxe5 Bf5 17. d3 Be6 18. a4 Rfe8 19. a5 f6 20. Nf3 Kf7 21.
Nd2 f5 22. Re5 Kf6 23. Rxc5 Bd5 24. c4 Bf7 25. Nf3 Rad8 26. d4 Bh5 27. Rd1 Bxf3
28. gxf3 Re2 29. d5 Rb2 30. Rd3 cxd5 31. cxd5 Rd7 32. f4 g6 33. d6 Ke6 34. Re5+
Kf6 35. Re8 Ra2 36. Re5 Rc2 37. Kg2 Rc6 38. Red5 Ke6 39. Re5+ Kf6 40. Red5 Ke6
41. Re5+ Kf6 1/2-1/2

[Event "Euro Online U2300 Day 1"]
[Site "chess.com INT"]
[Date "2020.05.25"]
[Round "1"]
[White "Patrascu, Catalin-Lucian"]
[Black "Myhrvold, Rune"]
[Result "1-0"]
[WhiteTitle "FM"]
[WhiteElo "2320"]
[BlackElo "2231"]
[WhiteFideId "1229052"]
[BlackFideId "1501259"]
[EventDate "2020.05.25"]

1. Nf3 d5 2. g3 Nc6 3. d4 Bf5 4. Bg2 Nb4 5. Na3 e6 6. O-O h5 7. c3 Nc6 8. Nc2 h4
9. Nxh4 Rxh4 10. gxh4 Qxh4 11. Ne1 Bd6 12. Nf3 Qh5 13. Re1 Be4 14. h3 O-O-O 15.
Nh2 Bxg2 16. Kxg2 Nf6 17. Qd3 Ne4 18. Qf3 Qh7 19. Bf4 Be7 20. Ng4 g5 21. Bg3 f6
22. Rh1 Qg6 23. Qd3 Qg7 24. f3 Nd6 25. Rae1 Nf5 26. e4 Nxg3 27. Kxg3 dxe4 28.
Qxe4 Bd6+ 29. Kg2 e5 30. Qf5+ Kb8 31. Qxf6 Qxf6 32. Nxf6 exd4 33. cxd4 Nxd4 34.
Re8 Rxe8 35. Nxe8 Bf4 36. h4 1-0

[Event "Euro Online U2300 Day 1"]
[Site "chess.com INT"]
[Date "2020.05.25"]
[Round "1"]
[White "Ryzhkov, Vjacheslav"]
[Black "Ohanyan, Emin"]
[Result "1/2-1/2"]
[BlackTitle "FM"]
[WhiteElo "2138"]
[BlackElo "2291"]
[WhiteFideId "4198484"]
[BlackFideId "13312022"]
[EventDate "2020.05.25"]

1. e4 e5 2. Nf3 Nc6 3. d4 exd4 4. Nxd4 Nf6 5. Nxc6 bxc6 6. Bd3 d5 7. e5 Nd7 8.
O-O Bc5 9. Qg4 g6 10. e6 Nf6 11. exf7+ Kxf7 12. Qh4 Be7 13. Bg5 h6 14. Be3 Kg7
15. Nd2 Ne4 16. Qf4 Bg5 17. Qe5+ Bf6 18. Qf4 Bg5 19. Qe5+ Bf6 20. Qf4 Bg5 1/2-1/2

[Event "Euro Online U2300 Day 1"]
[Site "chess.com INT"]
[Date "2020.05.25"]
[Round "1"]
[White "Bjornsson, Gunnar"]
[Black "Slizunkov, Dmitry"]
[Result "0-1"]
[WhiteElo "2131"]
[BlackElo "2120"]
[WhiteFideId "2302039"]
[BlackFideId "34185949"]
[EventDate "2020.05.25"]

1. e4 c6 2. d4 d5 3. f3 e6 4. Nc3 Nf6 5. Be3 Bb4 6. Bd3 c5 7. dxc5 O-O 8. Ne2
Nc6 9. a3 Bxc3+ 10. bxc3 dxe4 11. fxe4 Ng4 12. Qd2 Nxe3 13. Qxe3 e5 14. O-O Qe7
15. Ng3 f6 16. a4 Be6 17. a5 a6 18. Rfb1 Rac8 19. Rb6 Rc7 20. Nf5 Bxf5 21. exf5
Nd8 22. Bc4+ Kh8 23. c6 Nxc6 24. Bd5 Rfc8 25. Be6 Rd8 26. h3 h6 27. Kh2 Qd6 28.
Rab1 e4+ 29. Kh1 Qe5 30. g4 Nxa5 31. Bb3 Rxc3 32. Re6 Rxe3 33. Rxe5 fxe5 0-1

[Event "Euro Online U2300 Day 1"]
[Site "chess.com INT"]
[Date "2020.05.25"]
[Round "1"]
[White "Ibrahimli, Murad"]
[Black "Kosmidis, Ioannis"]
[Result "1-0"]
[WhiteTitle "IM"]
[WhiteElo "2436"]
[BlackElo "2130"]
[WhiteFideId "13410229"]
[BlackFideId "4253876"]
[EventDate "2020.05.25"]

1. d4 Nf6 2. c4 e6 3. Nf3 Bb4+ 4. Bd2 a5 5. Qc2 d6 6. g3 Nbd7 7. Bg2 O-O 8. O-O
e5 9. Bg5 exd4 10. Nxd4 Re8 11. Nc3 h6 12. Bd2 Ne5 13. b3 c6 14. Rad1 Qe7 15. h3
Bc5 16. Bc1 Be6 17. Nxe6 Qxe6 18. Bb2 Rad8 19. e3 h5 20. Qe2 Qf5 21. Na4 Ba7 22.
Bc3 b5 23. cxb5 cxb5 24. Nb2 b4 25. Bxe5 dxe5 26. Nc4 e4 27. Nd6 Rxd6 28. Rxd6
Bb8 29. Rxf6 Qxf6 30. Qxh5 Qb2 31. Qxa5 Qa3 32. Qb5 Rd8 33. Bxe4 Qa7 34. Kg2 Qe7
35. Bd5 Rc8 36. Rd1 g6 37. Qd3 Be5 38. Bc4 Kg7 39. h4 Ra8 40. h5 gxh5 41. Rh1
Rd8 42. Qf5 Qf6 43. Qxf6+ Bxf6 44. Rxh5 Rd2 45. Rb5 Bc3 46. Rb7 Rb2 47. Rxf7+
Kg6 48. Rf8 Rxa2 49. g4 Ra5 50. f4 Bd2 51. Kf3 Ra1 52. Rd8 Bc3 53. Rd6+ Kg7 54.
g5 Rf1+ 55. Bxf1 1-0

[Event "Euro Online U2300 Day 1"]
[Site "chess.com INT"]
[Date "2020.05.25"]
[Round "1"]
[White "Levin, Guy"]
[Black "Hewitt, William"]
[Result "1-0"]
[WhiteElo "2213"]
[BlackElo "1997"]
[WhiteFideId "2824213"]
[BlackFideId "1800280"]
[EventDate "2020.05.25"]

1. c4 Nf6 2. Nf3 g6 3. g3 Bg7 4. Bg2 O-O 5. O-O d5 6. cxd5 Nxd5 7. Nc3 Nb6 8. d4
Nc6 9. e3 Re8 10. h3 a5 11. Nd2 a4 12. Nde4 e5 13. d5 Nb4 14. Nc5 f5 15. a3 Na6
16. N5xa4 e4 17. Nxb6 cxb6 18. Qc2 Qf6 19. Bd2 Bd7 20. b4 Rec8 21. Rac1 Nc7 22.
Qb3 b5 23. Rfd1 Ne8 24. Bf1 Nd6 25. Nb1 h5 26. Bc3 Qe7 27. Bxg7 Qxg7 28. Nc3 h4
29. Kg2 hxg3 30. fxg3 Qh6 31. Kf2 f4 32. exf4 Bxh3 33. Bxh3 Qxh3 34. Rh1 Qg4 35.
Ne2 Nc4 36. Qc3 Rf8 37. Qh8+ Kf7 38. Rh7+ Ke8 39. Qg7 e3+ 40. Ke1 1-0

[Event "Euro Online U2300 Day 1"]
[Site "chess.com INT"]
[Date "2020.05.25"]
[Round "1"]
[White "Kacharava, Nikolozi"]
[Black "Ionescu, Cristian-Dan"]
[Result "1-0"]
[WhiteTitle "IM"]
[BlackTitle "FM"]
[WhiteElo "2437"]
[BlackElo "2287"]
[WhiteFideId "13611860"]
[BlackFideId "1200860"]
[EventDate "2020.05.25"]

1. e4 c5 2. Nf3 d6 3. d4 Nf6 4. Nc3 cxd4 5. Qxd4 a6 6. e5 Nc6 7. Qa4 dxe5 8.
Nxe5 Bd7 9. Nxd7 Qxd7 10. Be3 e6 11. Rd1 Qc8 12. g3 Be7 13. Bg2 O-O 14. O-O b5
15. Qf4 Rb8 16. Ne2 Nb4 17. Ba7 Nbd5 18. Qxb8 Qd7 19. Qe5 Qxa7 20. Nf4 Nxf4 21.
Qxf4 h6 22. a4 Qc5 23. c3 bxa4 24. Qxa4 a5 25. Rd2 Rb8 26. Qc6 Qe5 27. h3 h5 28.
Qc4 g6 29. Rfd1 Kg7 30. Qf4 Qxf4 31. gxf4 h4 32. Ra1 Rb5 33. Ra4 Nh5 34. Bf3 Nf6
35. Rc4 Nd5 36. Bxd5 exd5 37. Rcd4 Rb6 38. Rxd5 Ra6 39. Rb5 a4 40. Rd7 Bf8 41.
f5 a3 42. bxa3 Bxa3 43. Rbb7 Rf6 44. fxg6 Rxg6+ 45. Kf1 Rf6 46. Rd5 Rf3 47. Kg2
Rxc3 48. Rf5 Rc6 49. Rfxf7+ Kg6 50. Rg7+ Kf6 51. Rbf7+ Ke5 52. Rg5+ Kd4 53. Rf4+
Kd3 54. Rf3+ Ke4 55. Rg4+ Kd5 56. Rd3+ 1-0

[Event "Euro Online U2300 Day 1"]
[Site "chess.com INT"]
[Date "2020.05.25"]
[Round "1"]
[White "Salopaa, Tero"]
[Black "Zubcu, Vlad-George"]
[Result "0-1"]
[WhiteElo "2024"]
[BlackElo "2199"]
[WhiteFideId "508284"]
[BlackFideId "1219715"]
[EventDate "2020.05.25"]

1. d4 Nf6 2. Nf3 e6 3. Bg5 b6 4. Nbd2 Bb7 5. c3 c5 6. e3 Nc6 7. Be2 Be7 8. O-O
O-O 9. Rc1 h6 10. Bh4 d5 11. h3 Qc7 12. Bd3 Rae8 13. Bb1 e5 14. dxe5 Nxe5 15.
Qc2 Nxf3+ 16. Nxf3 Ne4 17. Bg3 Bd6 18. Bxd6 Qxd6 19. Nd2 f5 20. Rcd1 Qg6 21.
Nxe4 fxe4 22. Qa4 a6 23. Qd7 Bc6 24. Qc7 b5 25. b3 Re6 26. c4 dxc4 27. bxc4 Qg5
28. cxb5 Rg6 29. g3 axb5 30. Rd6 Rxd6 31. Qxd6 Rf6 32. Qd8+ Kh7 33. Qe7 Qf5 34.
Kh2 b4 35. Qd8 Bb5 36. Qa8 Re6 37. g4 Qf3 38. Kg1 Bxf1 39. Kxf1 Qh1+ 40. Ke2
Qxb1 41. Qd5 Qd3+ 42. Qxd3 exd3+ 43. Kxd3 Ra6 44. Kc4 Rxa2 45. f4 Ra3 46. e4
Rc3+ 47. Kd5 b3 48. h4 b2 49. g5 b1=Q 50. h5 hxg5 51. fxg5 Qd3+ 52. Ke5 Rc4 53.
g6+ Kg8 54. h6 Rxe4+ 55. Kf5 Qf3+ 56. Kg5 Rg4+ 0-1

[Event "Euro Online U2300 Day 1"]
[Site "chess.com INT"]
[Date "2020.05.25"]
[Round "1"]
[White "Ghimpu, Samuel-Timotei"]
[Black "Eminov, Orkhan"]
[Result "1/2-1/2"]
[WhiteTitle "FM"]
[BlackTitle "FM"]
[WhiteElo "2302"]
[BlackElo "2327"]
[WhiteFideId "1238175"]
[BlackFideId "13402153"]
[EventDate "2020.05.25"]

1. e4 c5 2. Nf3 g6 3. d4 cxd4 4. Nxd4 Nc6 5. Nc3 Bg7 6. Be3 Nf6 7. Bc4 Qa5 8. f3
Qb4 9. Bb3 Nxe4 10. Nxc6 Bxc3+ 11. bxc3 Qxc3+ 12. Ke2 dxc6 13. Qd4 Qxd4 14. Bxd4
Nf6 15. Rhe1 Rg8 16. Kf2 Nd5 17. a4 Be6 18. Bxd5 cxd5 19. a5 Kd7 20. Rab1 b6 21.
axb6 axb6 22. Rxb6 Rgb8 23. Rxb8 Rxb8 24. g4 Rb4 25. c3 Rb2+ 26. Re2 Rb1 27. Re1
Rb7 28. h4 f6 29. g5 fxg5 30. hxg5 Bf5 31. Ra1 Rb2+ 32. Ke3 1/2-1/2

[Event "Euro Online U2300 Day 1"]
[Site "chess.com INT"]
[Date "2020.05.25"]
[Round "1"]
[White "Werle, Iozefina"]
[Black "Zenuni, Albert"]
[Result "1-0"]
[WhiteTitle "WGM"]
[WhiteElo "2300"]
[BlackElo "1981"]
[WhiteFideId "1213261"]
[BlackFideId "4702360"]
[EventDate "2020.05.25"]

1. e4 c5 2. Nf3 d6 3. d4 cxd4 4. Nxd4 Nc6 5. Nc3 a6 6. Be3 e5 7. Nb3 Nf6 8. Be2
Be6 9. O-O Be7 10. Bf3 O-O 11. a4 Rc8 12. a5 Nd7 13. Nd5 f5 14. exf5 Bxf5 15.
Bg4 Nc5 16. Nxc5 dxc5 17. Nxe7+ Qxe7 18. Qd5+ Qf7 19. Qxf7+ Rxf7 20. Bxf5 Rxf5
21. Bxc5 Nd4 22. Bxd4 exd4 23. g4 Rg5 24. f3 Rxc2 25. Rf2 Rcc5 26. Rd2 Rxa5 27.
Rxa5 Rxa5 28. Rxd4 Rb5 29. Rd2 Rb3 30. Kf2 a5 31. Ke2 b5 32. f4 a4 33. Kd1 Rb4
34. Rf2 Kf7 35. Kc2 Kf6 36. Kc3 Rc4+ 37. Kd3 h5 38. gxh5 Rb4 39. Kc3 Rb3+ 40.
Kd4 Kf5 41. Kc5 Kg4 42. h6 gxh6 43. f5 a3 44. bxa3 Rxa3 45. f6 Kg5 46. f7 1-0

[Event "Euro Online U2300 Day 1"]
[Site "chess.com INT"]
[Date "2020.05.25"]
[Round "1"]
[White "Kopsa, Petri"]
[Black "Caner, Resul"]
[Result "0-1"]
[WhiteElo "2048"]
[BlackElo "1916"]
[WhiteFideId "1706594"]
[BlackFideId "6368492"]
[EventDate "2020.05.25"]

1. e4 e6 2. d3 d5 3. Nd2 Nf6 4. Ngf3 c5 5. g3 Nc6 6. Bg2 Be7 7. O-O O-O 8. e5
Nd7 9. Re1 b5 10. h4 a5 11. Nf1 a4 12. Bf4 Ba6 13. N1h2 b4 14. a3 bxa3 15. bxa3
c4 16. Ng5 cxd3 17. cxd3 Nc5 18. Bf1 Nb3 19. Ra2 Ncd4 20. Qh5 h6 21. Kg2 Nf5 22.
Nh3 Nbd4 23. Qd1 Qd7 24. h5 Rab8 25. g4 Nh4+ 26. Kh1 Rb3 27. Bc1 Rfb8 28. Ra1
Qc6 29. g5 Nc2 30. gxh6 Nxe1 31. Qg4 d4+ 32. f3 Nf5 33. Bg5 Nc2 34. Rc1 Bxa3 35.
hxg7 Bxc1 36. Bxc1 Bxd3 37. h6 Bxf1 38. Nxf1 Qxf3+ 39. Qxf3 Rxf3 40. h7+ Kxg7
41. Ng5 Rxf1+ 42. Kg2 Rxc1 0-1

[Event "Euro Online U2300 Day 1"]
[Site "chess.com INT"]
[Date "2020.05.25"]
[Round "1"]
[White "Ivanisvili, Andrejs"]
[Black "Kresz, Adam"]
[Result "1-0"]
[WhiteElo "2233"]
[BlackElo "2138"]
[WhiteFideId "11601485"]
[BlackFideId "794422"]
[EventDate "2020.05.25"]

1. d4 d5 2. Nf3 Nf6 3. c4 e6 4. Nc3 c6 5. e3 Nbd7 6. a3 Bd6 7. Bd3 dxc4 8. Bxc4
b5 9. Ba2 Bb7 10. O-O a6 11. e4 e5 12. Bg5 O-O 13. h3 c5 14. dxc5 Nxc5 15. Re1
Rc8 16. Nd5 Bxd5 17. Bxd5 Ne6 18. Bh4 Qb6 19. Bxf6 gxf6 20. Nh4 Bc5 21. Qf3 Nd4
22. Qg4+ Kh8 23. b4 Be7 24. Rac1 Rxc1 25. Rxc1 Rg8 26. Rc8 Bf8 27. Qh5 Qa7 28.
Bxf7 Qd7 29. Bxg8 Kxg8 30. Qg4+ 1-0

[Event "Euro Online U2300 Day 1"]
[Site "chess.com INT"]
[Date "2020.05.25"]
[Round "1"]
[White "Davtyan, Artur"]
[Black "Bruessow, Jakob"]
[Result "1-0"]
[WhiteTitle "IM"]
[WhiteElo "2461"]
[BlackElo "1739"]
[WhiteFideId "13308327"]
[BlackFideId "1340522"]
[EventDate "2020.05.25"]

1. d4 Nf6 2. c4 g6 3. Nc3 Bg7 4. e4 d6 5. Be2 O-O 6. Be3 e5 7. d5 a5 8. g4 Na6
9. g5 Nd7 10. h4 Ndc5 11. Nf3 c6 12. Nd2 cxd5 13. cxd5 f5 14. gxf6 Bxf6 15. Nf3
Bd7 16. h5 g5 17. Nh2 h6 18. Bg4 Rb8 19. Qe2 b5 20. Bxd7 Qxd7 21. Ng4 Bg7 22. f3
b4 23. Nd1 Rbc8 24. Ndf2 Rc7 25. Kf1 Qf7 26. Kg2 Kh7 27. Rac1 Rfc8 28. Rc4 Nb8
29. Nh3 Bf6 30. b3 Nbd7 31. Qd2 Rg8 32. Ng1 Be7 33. Ne2 Rf8 34. Rf1 Nb6 35. Rcc1
Nbd7 36. Ng3 Rfc8 37. Nf5 Bf8 38. Rc4 Nf6 39. Nxf6+ Qxf6 40. Bxc5 Rxc5 41. Rxc5
Rxc5 42. Rc1 Rxc1 43. Qxc1 Qd8 44. Qc6 Kh8 45. Kg3 Kh7 46. Kg4 Kh8 47. Qb7 Kg8
48. Qa7 Kh8 49. Qf7 Qc8 50. Qf6+ Kg8 51. Qe6+ Qxe6 52. dxe6 1-0